000 00421nam a22001817a 4500
003 MPLRDC
005 20220104143655.0
008 210129b ||||| |||| 00| 0 eng d
020 _a962-365-717-X
082 _a427.11 CJY
100 _a蔡洁仪
245 _a中国地方菜
_c
250 _a初版
260 _a
_b海滨图书公司
_c1999
300 _b
650 _a中菜食谱
942 _cBK
_o427.11 CJY
999 _c42228
_d42218